| 000 | 01382cam a2200253 4500 | ||
|---|---|---|---|
| 001 | ##L135303 | ||
| 008 | 061011n2006 000 0 eng u | ||
| 035 | _a(Sirsi) u135303 | ||
| 041 | 0 | _aeng | |
| 050 | 0 | 4 | _a631.2 $2 18 |
| 100 | 1 | _aPickles, David | |
| 245 | 0 | 0 |
_aConversion of traditional farm buildings _ba guide to good practice |
| 260 |
_a[S.l.] _bEnglish Heritage _c2006 |
||
| 505 | 1 | _aCharacter of farm buildings and their context -- Adapting and repairing traditional farm buildings -- Authorisation of works -- Summary of good practice for the conversion of traditional farm buildings -- A guide to understanding traditional farm buildings and their capacity for change | |
| 520 | _aProvides technical and design guidance so that traditional farm buildings capable of conversion can be repaired and adapted for new uses in a sensitive way, while maintaining their character, significance and landscape setting. | ||
| 590 | _aIKA171006 | ||
| 651 | 4 |
_aEngland _y886- |
|
| 690 | _aBUILT ENVIRONMENT-BUILDING MAINTENANCE AND REFURBISHMENT-BUILDING ADAPTATION | ||
| 690 | _aPROPERTY-RURAL AND NATURAL ASSETS-AGRICULTURAL PROPERTY | ||
| 700 | 1 | _aLake, Jeremy | |
| 710 | 1 |
_aEnglish Heritage _bHistorical Environment Local Management _95068 |
|
| 856 | 4 | 0 |
_uhttps://www.helm.org.uk/server/show/nav.10600 _zView the item free of charge at www.helm.org.uk... |
| 942 | _n0 | ||
| 999 |
_c105992 _d105992 |
||